| 000 | 01150nji a22002777a 4500 | ||
|---|---|---|---|
| 005 | 2010090401051.0 | ||
| 006 | a|||||r|||||00| 0 | ||
| 007 | sd ammalaaahaa | ||
| 008 | 100830t xxu||||| |||| 00| 0 eng d | ||
| 028 |
_aN 51791 _bHis Master's Voice |
||
| 035 | _aGR-511 | ||
| 040 |
_aSED _cSED |
||
| 100 |
_917455 _aMangeshkar, Lata |
||
| 245 |
_aPatrani / _cby Lata Mangeshkar ; music by Shanker Jaikishan ; lyrics by Shailende _h[sound recording] : |
||
| 246 | _aपटरानी / लता मंगेशकर द्वारा | ||
| 260 |
_aDum Dum, India _bHis Master's Voice |
||
| 300 |
_a1 sound disc [Gramophone Recording]: _banalog, 33 1/3 rpm _c9.5 in. (MP) _fGramophone Record |
||
| 500 | _aBrief Record | ||
| 505 | _aSide-1 ना जाने तुम कौन (Naa jane tum kaun) (Lata Mangeshkar) --Side-2 कभी तो आ (Kabhi to aa) (Lata Mangeshkar) | ||
| 650 |
_aClassical music _zIndia _91186 _xExcerpts |
||
| 700 |
_917416 _aJaikishan, Shankar |
||
| 700 |
_917456 _aShaitendra |
||
| 700 | _918315 | ||
| 942 |
_2ddc _cGR |
||
| 999 |
_c43800 _d43800 |
||